<?xml version="1.0" encoding="UTF-8"?>
<record
    xmlns:xsi="http://www.w3.org/2001/XMLSchema-instance"
    xsi:schemaLocation="http://www.loc.gov/MARC21/slim http://www.loc.gov/standards/marcxml/schema/MARC21slim.xsd"
    xmlns="http://www.loc.gov/MARC21/slim">

  <leader>00753naa a2200169 i 4500</leader>
  <controlfield tag="001">8661</controlfield>
  <controlfield tag="003">KOSZ 005</controlfield>
  <controlfield tag="005">20180224111811.0</controlfield>
  <controlfield tag="008">180222s2010    pl     f     |000 0 pol d</controlfield>
  <datafield tag="040" ind1=" " ind2=" ">
    <subfield code="a">KOSZ 005</subfield>
    <subfield code="c">KOSZ 005</subfield>
    <subfield code="d">KOSZ 005/HR</subfield>
  </datafield>
  <datafield tag="041" ind1="0" ind2=" ">
    <subfield code="a">pol</subfield>
    <subfield code="b">eng</subfield>
  </datafield>
  <datafield tag="100" ind1="1" ind2=" ">
    <subfield code="a">KLONOWSKA-MATYNIA, Maria.</subfield>
    <subfield code="d">1999 - </subfield>
    <subfield code="b">Politechnika Koszali&#x144;ska - Wydzia&#x142; Nauk Ekonomicznych,</subfield>
    <subfield code="c">Katedra Ekonomii</subfield>
  </datafield>
  <datafield tag="245" ind1="1" ind2="0">
    <subfield code="a">Kierunki zmian na rynku pracy w Polsce w &#x15B;wietle realizacji za&#x142;o&#x17C;e&#x144; gospodarki wiedzy w Polsce / </subfield>
    <subfield code="c">Maria Klonowska-Matynia.</subfield>
  </datafield>
  <datafield tag="546" ind1=" " ind2=" ">
    <subfield code="a">Streszczenie ang.</subfield>
  </datafield>
  <datafield tag="773" ind1="0" ind2=" ">
    <subfield code="i">W :</subfield>
    <subfield code="t"> Wybrane zagadnienia proces&#xF3;w gospodarowania w warunkach globalizacji / pod red. Marianny Ksi&#x119;&#x17C;yk. -</subfield>
    <subfield code="d">Krak&#xF3;w : Wydawnictwa AGH, 2010.</subfield>
    <subfield code="g">s. 153-157</subfield>
  </datafield>
  <datafield tag="942" ind1=" " ind2=" ">
    <subfield code="2">UKD</subfield>
    <subfield code="c">ROZ</subfield>
  </datafield>
  <datafield tag="999" ind1=" " ind2=" ">
    <subfield code="c">8661</subfield>
    <subfield code="d">8661</subfield>
  </datafield>
</record>
